000 00791nam a22002297i 4500
003 URS
005 20220114152936.0
008 160316b xxu||||| |||| 00| 0 eng d
020 _a9789710445820
040 _erda
_cURSP-College Library
_beng
050 _aPE1068P5
_b428 An4e 2010
100 1 _aAng, Jaime G.
245 _aEnglish 101;
_bA learning centered manual in effective study skills, critical reading and engaged writing for the filipino college student.
_cJaime G. Ang
264 _aManila
_bMindshapers Company,Inc.
_c2010
300 _aviii, 187 pages;
_bcolour illustration;
_c25 cm
336 _atext
_btxt
_2rdacontent
337 _aunmediated
_bn
_2rdamedia
338 _avolume
_bnc
_2rdacarrier
500 _aIncludes references
650 0 _aStudy skills.
942 _2lcc
_cF
999 _c7890
_d7890